00801cam a22002171 4500001001300000003000400013005001700017008004100034010001700075035001900092040001800111042001200129050002100141100003500162245014100197260009800338300001900436500004900455504003200504651004700536sa 67001000 DLC20260227112319.0790727r1965uuuuii b f000 0 eng  asa 67001000  a(OCoLC)5218111 aDLCcOCldDLC apremarc00aDS448b.L35 19650 aLajpat Rai,cLala,d1865-1928.10aYoung India;ban interpretation and a history of the nationalist movement from withinc[by] Lajpat Rai. With an introd. by V. C. Joshi. aDelhi,bPublications Division, Ministry of Information & Broadcasting, Govt. of Indiac[1965] a199 p.c21 cm. aA reprint of the 1st ed., published in 1916. aBibliography: p. [198]-199. 0aIndiaxPolitics and governmenty1765-1947.